MARC details
| 000 -CABECERA |
| campo de control de longitud fija |
01538nam a2200373 a 4500 |
| 001 - NÚMERO DE CONTROL |
| campo de control |
000004418 |
| 003 - IDENTIFICADOR DEL NÚMERO DE CONTROL |
| campo de control |
DO-SdBNP |
| 005 - FECHA Y HORA DE LA ÚLTIMA TRANSACCIÓN |
| campo de control |
20260321073638.0 |
| 007 - CAMPO FIJO DE DESCRIPCIÓN FÍSICA--INFORMACIÓN GENERAL |
| campo de control de longitud fija |
ta |
| 008 - DATOS DE LONGITUD FIJA--INFORMACIÓN GENERAL |
| campo de control de longitud fija |
090721s1998 dr 000 0 spa d |
| 040 ## - FUENTE DE LA CATALOGACIÓN |
| Centro catalogador/agencia de origen |
DO-SdBNP |
| Lengua de catalogación |
spa |
| Centro/agencia transcriptor |
BNPHU |
| Normas de descripción |
rda |
| 041 ## - CÓDIGO DE LENGUA |
| Código de lengua del texto/banda sonora o título independiente |
spa |
| 082 #4 - NÚMERO DE LA CLASIFICACIÓN DECIMAL DEWEY |
| Número de clasificación |
320.9729 |
| Número de documento/Ítem |
B742p 1998 |
| Número de edición |
22 |
| 100 1# - ENTRADA PRINCIPAL--NOMBRE DE PERSONA |
| Nombre de persona |
Bosch, Juan, |
| Fechas asociadas al nombre |
1909-2001 |
| Término indicativo de función/relación |
autor |
| Código de función/relación |
aut. |
| 9 (RLIN) |
76555 |
| 245 10 - MENCIÓN DE TÍTULO |
| Título |
Póker de espanto en el Caribe / |
| Mención de responsabilidad, etc. |
Juan Bosch. |
| 250 ## - MENCIÓN DE EDICIÓN |
| Mención de edición |
Cuarta edición |
| 264 #1 - PRODUCCIÓN, PUBLICACIÓN, DISTRIBUCIÓN, FABRICACIÓN Y COPYRIGHT |
| Producción, publicación, distribución, fabricación y copyright |
Santo Domingo > |
| Nombre del de productor, editor, distribuidor, fabricante |
Alfa & Omega, |
| Fecha de producción, publicación, distribución, fabricación o copyright |
1998. |
| 300 ## - DESCRIPCIÓN FÍSICA |
| Extensión |
217 páginas ; |
| Dimensiones |
22 cm. |
| 336 ## - TIPO DE CONTENIDO |
| Término de tipo de contenido |
texto |
| Código de tipo de contenido |
txt |
| Fuente |
rdacontent |
| 337 ## - TIPO DE MEDIO |
| Nombre/término del tipo de medio |
sin mediación |
| Código del tipo de medio |
n |
| Fuente |
rdamedia |
| 338 ## - TIPO DE SOPORTE |
| Nombre/término del tipo de soporte |
volumen |
| Código del tipo de soporte |
nc |
| Fuente |
rdacarrier |
| 505 0# - NOTA DE CONTENIDO CON FORMATO |
| Nota de contenido con formato |
Historia de este libro -- |
| -- |
Introducción -- |
| -- |
Rafael Leonidas Trujillo, la Carta Dominicana -- |
| -- |
Anastasio Somoza, la Carta Nicaraguense -- |
| -- |
Marco Pérez Jiménez, la Carta de Venezuela -- |
| -- |
Fulgencio Batista, la Carta de Cuba -- |
| -- |
La otra Faz. |
| 590 ## - NOTA LOCAL (RLIN) |
| Nota local |
Inventariado, 2018/ YL |
| 600 14 - PUNTO DE ACCESO ADICIONAL DE MATERIA--NOMBRE DE PERSONA |
| Nombre de persona |
Pérez Jiménez, Marcos, |
| Fechas asociadas al nombre |
1914 - 2001 |
| 9 (RLIN) |
12979 |
| 600 14 - PUNTO DE ACCESO ADICIONAL DE MATERIA--NOMBRE DE PERSONA |
| Nombre de persona |
Batista y Zaldivar, Fulgencio, |
| Subdivisión general |
1901 - 1973 |
| 9 (RLIN) |
12980 |
| 600 14 - PUNTO DE ACCESO ADICIONAL DE MATERIA--NOMBRE DE PERSONA |
| Nombre de persona |
Somoza García, Anastacio, |
| Fechas asociadas al nombre |
1896 - 1956 |
| 9 (RLIN) |
12696 |
| 600 14 - PUNTO DE ACCESO ADICIONAL DE MATERIA--NOMBRE DE PERSONA |
| Nombre de persona |
Trujillo Molina, Rafael Leónidas, |
| Fechas asociadas al nombre |
1891-1961 |
| 9 (RLIN) |
76764 |
| 651 #0 - PUNTO DE ACCESO ADICIONAL DE MATERIA--NOMBRE GEOGRÁFICO |
| Nombre geográfico |
República Dominicana |
| Subdivisión general |
Política y gobierno |
| Subdivisión cronológica |
1930-1961 |
| 9 (RLIN) |
78065 |
| 651 #0 - PUNTO DE ACCESO ADICIONAL DE MATERIA--NOMBRE GEOGRÁFICO |
| Nombre geográfico |
Venezuela |
| Subdivisión general |
Política y gobierno |
| 9 (RLIN) |
26230 |
| 651 #4 - PUNTO DE ACCESO ADICIONAL DE MATERIA--NOMBRE GEOGRÁFICO |
| Nombre geográfico |
Cuba |
| Subdivisión general |
Política y gobierno |
| 9 (RLIN) |
541 |
| 651 #4 - PUNTO DE ACCESO ADICIONAL DE MATERIA--NOMBRE GEOGRÁFICO |
| Nombre geográfico |
Nicaragua |
| Subdivisión general |
Política y gobierno |
| 9 (RLIN) |
10690 |
| 910 ## - DATOS DE OPCIÓN DEL USUARIO (OCLC) |
| Datos de opción del usuario |
Validado. Control de calidad MFF |
| 942 ## - ELEMENTOS DE PUNTO DE ACCESO ADICIONAL (KOHA) |
| Fuente del sistema de clasificación o colocación |
Dewey Decimal Classification |
| Tipo de ítem Koha |
Libro |